000
00229nam a22001097a 4500
082
_a
621.381522 DIS
100
_a
PDF
_9
56879
245
_a
DIODE DISCONTINUED DEVICES
260
_a
PDF
_b
PDF
_c
1980
300
_a
267P
942
_c
BK
999
_c
581226
_d
581226